Využívanie výsledkov duševného vlastníctva na vysokých školách

Analýza súčasného stavu využívania výsledkov duševného vlastníctva na vysokých školách na Slovensku a vo vybraných krajinách EÚ. Situačná analýza skúmanej problematiky na vysokých školách na Slovensku a vo vybraných krajinách EÚ a komparácia zistení.

Na minha lista:
Detalhes bibliográficos
Autor principal: Babiaková, Barbora
Formato: Capítulo de Livro
Idioma:eslovaco
Assuntos:
Tags: Adicionar Tag
Sem tags, seja o primeiro a adicionar uma tag!

MARC

LEADER 00000nla$a2200000$$$4500
001 0123061
005 20220426122722.4
041 0 |a slo 
044 |a SK 
245 1 0 |a Využívanie výsledkov duševného vlastníctva na vysokých školách  |c Barbora Babiaková 
520 |a Analýza súčasného stavu využívania výsledkov duševného vlastníctva na vysokých školách na Slovensku a vo vybraných krajinách EÚ. Situačná analýza skúmanej problematiky na vysokých školách na Slovensku a vo vybraných krajinách EÚ a komparácia zistení. 
610 2 0 |a vlastníctvo duševné 
610 2 0 |a školy vysoké 
610 2 0 |a Slovensko 
610 2 0 |a Európska únia 
100 1 |a Babiaková, Barbora